[Event "Stay Safe Play From Home 149"]
[Site "T#646041Emanuel Laske"]
[Date "2020.05.14"]
[Round "5"]
[White "Don59as"]
[Black "Ionutn28"]
[Result "0-1"]
[WhiteElo "1993"]
[BlackElo "1847"]
[Annotator "TA"]
[PlyCount "140"]
[EventDate "2020.05.14"]
[EventType "swiss (blitz)"]

{[%evp 9,140,80,105,65,67,64,59,55,55,3,40,53,64,20,42,10,14,7,10,1,17,0,20,0,0,-15,-12,-15,0,-24,-9,-7,-9,-8,0,0,10,0,11,10,28,15,19,21,22,14,19,0,0,0,0,0,0,0,287,0,22,-5,0,0,0,0,0,0,0,0,0,0,0,0,0,0,0,0,0,0,0,0,0,0,0,0,0,0,0,-29977,-29978,-29980,-29981,-29981,-29982,-29980,-29982,-29982,-29983,-29983,-29984,-29984,-29985,-29985,-29986,-29986,-29987,-29988,-29986,-29987,-29988,-29988,-29989,-29989,-29990,-29990,-29991,-29991,-29992,-29992,-29993,-29993,-29993,-29993,-29994,-29994,-29995,-29995,-29995,-29996,-29996,-29996,-29997,-29997,-29997,-29998,-29997]} 1. c4 Nf6 2. Nc3 c6 3. e4 e6 4. e5 Ng8 5. Nf3 d5 6. exd6 {Threatens to win with c5. A16: English Opening: 1...Nf6 with ...d5.} Bxd6 7. d4 Nf6 8. Bd3 {White is slightly better.} O-O {[#]} 9. h3 $146 (9. Qe2 $14) ({Predecessor:} 9. O-O Nbd7 10. Bg5 h6 11. Bh4 Be7 12. Re1 Qc7 13. Bg3 Bd6 14. Ne5 Bxe5 15. dxe5 {1-0 (28) Adams,M (2670)-Curtis,G (1195) Ebbw Vale 1998}) 9... h6 10. O-O Nbd7 11. Be3 e5 12. dxe5 Nxe5 13. Nxe5 Bxe5 14. Qc2 Be6 15. b3 Qc7 16. Rac1 Rad8 17. Rfd1 Bh2+ 18. Kh1 Be5 19. Ne2 Rfe8 20. Bf5 Bxf5 21. Qxf5 Rxd1+ 22. Rxd1 Qe7 23. Nf4 Bxf4 24. Qxf4 a6 25. Rd2 Rd8 26. Rxd8+ Qxd8 27. Qf3 Qd7 28. g4 Nh7 29. Kg2 Nf8 30. Qe4 Ne6 31. Qe5 Qd1 $2 {[%mdl 8192] [#]} (31... Kh7 $11 {and Black has nothing to worry.}) 32. g5 $2 (32. Qb8+ $18 Qd8 33. Qxb7 {[%mdl 64] Double Attack}) 32... hxg5 (32... Qh5 {with more complications.} 33. Qb8+ Kh7 34. gxh6 Ng5 35. Qg3 gxh6 36. Qg4 Qg6) 33. Bxg5 (33. Qb8+ {seems wilder.} Qd8 34. Qxb7 Qe8 35. Qxa6 f5 36. c5) 33... Nxg5 (33... b5 {looks sharper.} 34. Be3 bxc4 35. bxc4 Qd3 36. Qb8+ Kh7) 34. Qxg5 $11 {[%mdl 4096] Endgame KQ-KQ} Qd7 (34... Qd6 {keeps more tension.} 35. Qf5 Qe7 36. Qg4 Qd8 37. h4 b5) 35. Qg4 Qxg4+ 36. hxg4 {KP-KP} f6 37. f4 Kf7 38. Kf3 Ke6 39. Ke4 g6 40. f5+ gxf5+ 41. gxf5+ Kd6 42. Kd4 b6 43. b4 c5+ 44. bxc5+ bxc5+ {K3P-K3P} 45. Ke4 Kc6 46. Kf4 {And now Kg4 would win.} Kd6 47. Kg4 $2 {[%mdl 8192] [#] Black converts the advantage convincingly.} (47. Ke4 $11) 47... Ke5 {Black mates.} 48. a3 a5 49. a4 Ke4 50. Kg3 Kxf5 {K3P-KPP} 51. Kf3 Ke5 52. Ke3 f5 53. Kd3 f4 54. Ke2 Kd4 55. Kf3 Kxc4 56. Kxf4 {KPP-KP} Kb4 57. Ke3 Kxa4 {KP-KP} 58. Kd3 Kb3 59. Kd2 a4 60. Kc1 a3 61. Kb1 c4 62. Ka1 c3 63. Kb1 Kc4 64. Kc2 a2 65. Kd1 a1=Q+ 66. Ke2 Qa5 67. Ke3 c2 68. Ke2 c1=Q 69. Kf3 Qca3+ 70. Ke4 Kb5 {Accuracy: White = 86%, Black = 96%.} 0-1

[Event "Stay Safe Play From Home 149"]
[Site "T#646041Emanuel Laske"]
[Date "2020.05.14"]
[Round "5"]
[White "Lazieri3"]
[Black "Emresenar"]
[Result "0-1"]
[WhiteElo "1977"]
[BlackElo "1797"]
[Annotator "RC"]
[PlyCount "108"]
[EventDate "2020.05.14"]
[EventType "swiss (blitz)"]

1. e4 {[%emt 0:00:01]} b6 {[%emt 0:00:00]} 2. Nc3 {[%emt 0:00:00]} Bb7 {[%emt 0:00:01]} 3. d4 {[%emt 0:00:00]} e6 {[%emt 0:00:01]} 4. f3 {[%emt 0:00:01]} d5 {[%emt 0:00:00]} 5. exd5 {[%emt 0:00:02]} Bxd5 {[%emt 0:00:01]} 6. Nxd5 {[%emt 0:00:01]} exd5 {[%emt 0:00:00]} 7. c3 {[%emt 0:00:01]} Nf6 {[%emt 0:00:01]} 8. Bd3 {[%emt 0:00:00]} Be7 {[%emt 0:00:00]} 9. Ne2 {[%emt 0:00:00]} O-O {[%emt 0:00:00]} 10. O-O {[%emt 0:00:00]} c5 {[%emt 0:00:00]} 11. Bf4 {[%emt 0:00:01]} c4 {[%emt 0:00:02]} 12. Bc2 {[%emt 0:00:02]} Nc6 {[%emt 0:00:00]} 13. Ng3 {[%emt 0:00:01]} a5 {[%emt 0:00:02]} 14. a4 {[%emt 0:00:02]} Qd7 {[%emt 0:00:02]} 15. Re1 {[%emt 0:00:01]} Bd6 {[%emt 0:00:03]} 16. Bf5 {[%emt 0:00:02]} Qc7 {[%emt 0:00:02]} 17. Bxd6 {[%emt 0:00:02]} Qxd6 {[%emt 0:00:00]} 18. Qd2 {[%emt 0:00:02]} g6 {[%emt 0:00:01]} 19. Bc2 {[%emt 0:00:02]} Rfe8 {[%emt 0:00:01]} 20. h4 {[%emt 0:00:01]} Rxe1+ {[%emt 0:00:01]} 21. Qxe1 {[%emt 0:00:01]} Re8 {[%emt 0:00:01]} 22. Qf2 {[%emt 0:00:01]} Re6 {[%emt 0:00:04]} 23. h5 {[%emt 0:00:01]} Ne7 {[%emt 0:00:01]} 24. hxg6 {[%emt 0:00:01]} hxg6 {[%emt 0:00:01]} 25. Re1 {[%emt 0:00:01]} Rxe1+ {[%emt 0:00:02]} 26. Qxe1 {[%emt 0:00:00]} Qe6 {[%emt 0:00:01]} 27. Kf2 {[%emt 0:00:02]} Qxe1+ {[%emt 0:00:01]} 28. Kxe1 {[%emt 0:00:00]} Nc6 {[%emt 0:00:03]} 29. Ke2 {[%emt 0:00:03]} Nd8 {[%emt 0:00:01]} 30. Ke3 {[%emt 0:00:01]} Kg7 {[%emt 0:00:01]} 31. Ne2 {[%emt 0:00:01]} Ne6 {[%emt 0:00:01]} 32. Nf4 {[%emt 0:00:01]} Nxf4 {[%emt 0:00:01]} 33. Kxf4 {[%emt 0:00:00]} Nd7 {[%emt 0:00:01]} 34. g3 {[%emt 0:00:03]} f6 {[%emt 0:00:00]} 35. Ke3 {[%emt 0:00:01]} Kf7 {[%emt 0:00:01]} 36. f4 {[%emt 0:00:01]} g5 {[%emt 0:00:01]} 37. Bd1 {[%emt 0:00:01]} gxf4+ {[%emt 0:00:01]} 38. Kxf4 {[%emt 0:00:01]} Ke7 {[%emt 0:00:01]} 39. Bg4 {[%emt 0:00:01]} Nf8 {[%emt 0:00:01]} 40. Kf5 {[%emt 0:00:02]} Nh7 {[%emt 0:00:03]} 41. Bf3 {[%emt 0:00:02]} Kd6 {[%emt 0:00:03]} 42. Kg6 {[%emt 0:00:01]} Ng5 {[%emt 0:00:00]} 43. Bg2 {[%emt 0:00:01]} Ne4 {[%emt 0:00:01]} 44. g4 {[%emt 0:00:02]} Nf2 {[%emt 0:00:01]} 45. Bf3 {[%emt 0:00:02]} Ne4 {[%emt 0:00:01]} 46. Kf5 {[%emt 0:00:02]} Nd2 {[%emt 0:00:03]} 47. Bg2 {[%emt 0:00:02]} Ne4 {[%emt 0:00:01]} 48. Bxe4 {[%emt 0:00:01]} dxe4 {[%emt 0:00:00]} 49. Kxe4 {[%emt 0:00:00]} Ke6 {[%emt 0:00:00]} 50. Kf4 {[%emt 0:00:01]} Kd5 {[%emt 0:00:01]} 51. g5 {[%emt 0:00:00]} fxg5+ {[%emt 0:00:02]} 52. Kxg5 {[%emt 0:00:00]} Ke4 {[%emt 0:00:00]} 53. Kf6 {[%emt 0:00:00]} Kd5 {[%emt 0:00:01]} 54. Ke7 {[%emt 0:00:00]} b5 {[%emt 0:00:00] Time (Lag: Av=0.75s, max=1.3s)} 0-1

[Event "Stay Safe Play From Home 149"]
[Site "T#646041Emanuel Laske"]
[Date "2020.05.14"]
[Round "5"]
[White "SecantFX"]
[Black "Trotsky"]
[Result "1-0"]
[WhiteElo "1864"]
[BlackElo "1608"]
[Annotator "NA RC"]
[PlyCount "61"]
[EventDate "2020.05.14"]
[EventType "swiss (blitz)"]

1. g3 {[%emt 0:00:07]} c5 {[%emt 0:00:03]} 2. Bg2 {[%emt 0:00:00]} e6 {[%emt 0:00:02]} 3. f4 {[%emt 0:00:06]} Qc7 {[%emt 0:00:01]} 4. Nf3 {[%emt 0:00:00]} Nf6 {[%emt 0:00:02]} 5. c3 {[%emt 0:00:00]} d5 {[%emt 0:00:01]} 6. O-O {[%emt 0:00:00]} Bd6 {[%emt 0:00:01]} 7. e3 {[%emt 0:00:00]} Nc6 {[%emt 0:00:01]} 8. d4 {[%emt 0:00:00]} Bd7 {[%emt 0:00:01]} 9. Nbd2 {[%emt 0:00:01]} O-O-O {[%emt 0:00:01]} 10. Ne5 {[%emt 0:00:01]} Nxe5 {[%emt 0:00:02]} 11. fxe5 {[%emt 0:00:00]} Bxe5 {[%emt 0:00:01]} 12. dxe5 {[%emt 0:00:01]} Qxe5 {[%emt 0:00:01]} 13. Nf3 {[%emt 0:00:00]} Qd6 {[%emt 0:00:01]} 14. Qb3 {[%emt 0:00:02]} Ng4 {[%emt 0:00:02]} 15. h3 {[%emt 0:00:01]} h5 {[%emt 0:00:01]} 16. hxg4 {[%emt 0:00:01]} hxg4 {[%emt 0:00:01]} 17. Ne1 {[%emt 0:00:05]} Qxg3 {[%emt 0:00:02]} 18. Rf4 {[%emt 0:00:01]} Bc6 {[%emt 0:00:08]} 19. Qd1 {[%emt 0:00:04]} e5 {[%emt 0:00:01]} 20. Rxg4 {[%emt 0:00:02]} Qh2+ {[%emt 0:00:03]} 21. Kf1 {[%emt 0:00:01]} d4 {[%emt 0:00:02]} 22. e4 {[%emt 0:00:00]} f5 {[%emt 0:00:02]} 23. Rxg7 {[%emt 0:00:04]} fxe4 {[%emt 0:00:02]} 24. Qg4+ {[%emt 0:00:02]} Kb8 {[%emt 0:00:02]} 25. cxd4 {[%emt 0:00:04]} Rdf8+ {[%emt 0:00:02]} 26. Ke2 {[%emt 0:00:01]} e3 {[%emt 0:00:06]} 27. Bxe3 {[%emt 0:00:01]} Bxg2 {[%emt 0:00:04]} 28. Nxg2 {[%emt 0:00:02]} exd4 {[%emt 0:00:01]} 29. Bxd4 {[%emt 0:00:01]} Re8+ {[%emt 0:00:01]} 30. Be3 {[%emt 0:00:01]} Qe5 {[%emt 0:00:02]} 31. Qf4 {[%emt 0:00:02] Âðåìÿ (Lag: Av=0.30s, max=0.7s) '} 1-0

[Event "Stay Safe Play From Home 149"]
[Site "T#646041Emanuel Laske"]
[Date "2020.05.14"]
[Round "5"]
[White "Lucknow"]
[Black "Gibiz144"]
[Result "1-0"]
[WhiteElo "1777"]
[BlackElo "1597"]
[Annotator "NA RC"]
[PlyCount "93"]
[EventDate "2020.05.14"]
[EventType "swiss (blitz)"]

1. d4 {[%emt 0:00:02]} e6 {[%emt 0:00:01]} 2. c4 {[%emt 0:00:00]} b6 {[%emt 0:00:00]} 3. Nf3 {[%emt 0:00:01]} Bb7 {[%emt 0:00:00]} 4. g3 {[%emt 0:00:00]} d6 {[%emt 0:00:00]} 5. Bg2 {[%emt 0:00:01]} Ne7 {[%emt 0:00:00]} 6. O-O {[%emt 0:00:00]} Nd7 {[%emt 0:00:01]} 7. Nc3 {[%emt 0:00:00]} g6 {[%emt 0:00:01]} 8. Qc2 {[%emt 0:00:01]} Bg7 {[%emt 0:00:01]} 9. e4 {[%emt 0:00:00]} h6 {[%emt 0:00:01]} 10. Be3 {[%emt 0:00:01]} a6 {[%emt 0:00:01]} 11. Rad1 {[%emt 0:00:02]} O-O {[%emt 0:00:01]} 12. Rfe1 {[%emt 0:00:01]} Nc6 {[%emt 0:00:02]} 13. Qd2 {[%emt 0:00:01]} Kh7 {[%emt 0:00:01]} 14. b3 {[%emt 0:00:03]} e5 {[%emt 0:00:01]} 15. d5 {[%emt 0:00:01]} Ne7 {[%emt 0:00:01]} 16. Ne2 {[%emt 0:00:02]} f5 {[%emt 0:00:01]} 17. exf5 {[%emt 0:00:01]} gxf5 {[%emt 0:00:01]} 18. Nh4 {[%emt 0:00:02]} Nf6 {[%emt 0:00:02]} 19. Nc3 {[%emt 0:00:02]} Bc8 {[%emt 0:00:02]} 20. Qc2 {[%emt 0:00:03]} Bd7 {[%emt 0:00:03]} 21. Bc1 {[%emt 0:00:01]} e4 {[%emt 0:00:02]} 22. Bb2 {[%emt 0:00:01]} Nh5 {[%emt 0:00:02]} 23. Ne2 {[%emt 0:00:01]} Bxb2 {[%emt 0:00:02]} 24. Qxb2 {[%emt 0:00:01]} Ng6 {[%emt 0:00:01]} 25. Nxg6 {[%emt 0:00:02]} Kxg6 {[%emt 0:00:01]} 26. Qd2 {[%emt 0:00:00]} Rf7 {[%emt 0:00:03]} 27. Nf4+ {[%emt 0:00:01]} Kh7 {[%emt 0:00:02]} 28. Nxh5 {[%emt 0:00:01]} Qg8 {[%emt 0:00:02]} 29. Nf4 {[%emt 0:00:01]} Qg4 {[%emt 0:00:02]} 30. h3 {[%emt 0:00:02]} Qg5 {[%emt 0:00:02]} 31. Kh2 {[%emt 0:00:00]} Rg8 {[%emt 0:00:02]} 32. Re3 {[%emt 0:00:02]} h5 {[%emt 0:00:01]} 33. h4 {[%emt 0:00:01]} Qg4 {[%emt 0:00:01]} 34. Qe2 {[%emt 0:00:02]} Rfg7 {[%emt 0:00:01]} 35. Qxg4 {[%emt 0:00:01]} Rxg4 {[%emt 0:00:01]} 36. Bf1 {[%emt 0:00:02]} Be8 {[%emt 0:00:03]} 37. Be2 {[%emt 0:00:00]} R4g7 {[%emt 0:00:02]} 38. Bxh5 {[%emt 0:00:01]} Bxh5 {[%emt 0:00:01]} 39. Nxh5 {[%emt 0:00:01]} Kh6 {[%emt 0:00:01]} 40. Nf4 {[%emt 0:00:00]} Rg4 {[%emt 0:00:01]} 41. Re2 {[%emt 0:00:01]} Kg7 {[%emt 0:00:04]} 42. Rde1 {[%emt 0:00:00]} Kf6 {[%emt 0:00:01]} 43. Ng2 {[%emt 0:00:01]} f4 {[%emt 0:00:02]} 44. Re3 {[%emt 0:00:00]} fxe3 {[%emt 0:00:01]} 45. fxe3 {[%emt 0:00:01]} Kf5 {[%emt 0:00:01]} 46. Nf4 {[%emt 0:00:00]} Rxg3 {[%emt 0:00:01] '} 47. Re2 {[%emt 0:00:01] Zeit (Lag: Av=0.38s, max=0.7s)} 1-0

[Event "Stay Safe Play From Home 149"]
[Site "T#646041Emanuel Laske"]
[Date "2020.05.14"]
[Round "5"]
[White "Nagaram"]
[Black "Shatarchin7"]
[Result "0-1"]
[WhiteElo "1706"]
[BlackElo "2295"]
[Annotator "TA"]
[PlyCount "66"]
[EventDate "2020.05.14"]
[EventType "swiss (blitz)"]

{[%evp 14,65,0,-9,0,-43,-42,-111,-70,-352,-373,-463,-459,-449,-459,-483,-455,-483,-493,-484,-496,-507,-492,-564,-564,-605,-527,-586,-571,-639,-628,-1221,-1211,-1201,-1201,-1317,-1350,-1354,-1333,-1522,-1295,-1397,-1394,-1353,-1249,-1228,-1175,-1265,-1245,-1350,-1333,-2362,-2205,-29999]} 1. e4 c5 2. Nf3 d6 3. d4 cxd4 4. Nxd4 Nf6 5. Nc3 a6 6. Bg5 e6 7. Bc4 Be7 8. O-O h6 {B95: Sicilian Najdorf: 6 Bg5 e6, unusual White 7th moves.} 9. Bxf6 Bxf6 {[#]} 10. Nb3 $146 ({Better is} 10. Nce2 $15) ({Predecessor:} 10. f4 Qb6 11. Kh1 Qxd4 12. Qxd4 Bxd4 13. Rad1 Bxc3 14. bxc3 Ke7 15. h4 Nc6 16. Kh2 {0-1 (26) Munoz Cervantes,C (1424)-Taberner Calvet,P (1765) Guadalajara 2020}) 10... Qc7 {Black is better.} 11. Kh1 $2 {[%mdl 8192] [#]} (11. Bd3 $15) 11... Qxc4 $19 12. f4 Bxc3 13. bxc3 Qc7 14. Rb1 Nc6 15. Re1 O-O 16. Qd3 b5 17. Re3 Na5 18. Nxa5 Qxa5 19. Rh3 Qc7 20. Qe3 Bb7 21. f5 exf5 22. Rxh6 f4 23. Qxf4 gxh6 24. Qxh6 Bxe4 25. Qg5+ Bg6 26. Rf1 Qc5 27. Qg3 Qe5 28. Qg4 Qh5 29. Qg3 Qh7 30. h4 Qg7 31. Kg1 Rfe8 32. Qf3 Be4 33. Qe3 Qxg2# {White did not feel at home in the position after the opening. Accuracy: White = 20%, Black = 76%.} 0-1

[Event "Stay Safe Play From Home 149"]
[Site "T#646041Emanuel Laske"]
[Date "2020.05.14"]
[Round "5"]
[White "Tobo Rubirosa"]
[Black "Tumnik_ad"]
[Result "0-1"]
[WhiteElo "1510"]
[BlackElo "1954"]
[Annotator "TA"]
[PlyCount "68"]
[EventDate "2020.05.14"]
[EventType "swiss (blitz)"]

{[%evp 11,68,58,95,33,43,36,34,-219,-220,-266,-266,-266,-262,-414,-345,-338,-245,-244,-235,-289,-208,-233,-173,-169,-121,-118,-112,-114,-105,-107,-108,-239,-202,-310,-299,-287,-255,-584,-554,-593,-488,-488,-404,-869,-869,-869,-857,-1291,-1288,-1324,-1315,-29973,-29974,-29983,-29983,-29983,-29982,-29980,-29981]} 1. e4 e6 2. Nf3 b6 3. d4 Bb7 4. Bd3 Nf6 5. Qe2 d5 6. e5 Ne4 {[#]} 7. Nbd2 {B00: Queen's Fianchetto Defence, Nimzowitsch Defence.} ({White should try} 7. O-O $1 $16) 7... Nxd2 $14 8. Bxd2 c5 {[#] ...c4 is the strong threat.} 9. O-O-O $146 {[%mdl 8192]} (9. c3 $14 {stays ahead.}) ({Predecessor:} 9. c3 Nc6 10. a3 Be7 11. b4 Rc8 12. O-O O-O 13. Rfe1 Qd7 14. h4 cxd4 15. cxd4 {½-½ (47) Grischuk,A (2766)-Nepomniachtchi,I (2757) chess.com INT 2018}) 9... c4 $19 10. Bxc4 dxc4 11. Qxc4 Qd5 12. Qd3 (12. Qxd5 $142 Bxd5 13. Kb1) 12... Ba6 13. Qb3 Qxb3 14. axb3 Nc6 15. Bc3 Bb4 16. Nd2 Bxc3 17. bxc3 Rc8 18. Ne4 O-O 19. Nd6 Rc7 20. f4 Ne7 21. g4 (21. c4 $17) 21... Rxc3 22. f5 (22. Kd2 $142 Rc7 23. c4) 22... exf5 23. gxf5 Nc8 24. Nxc8 $2 (24. Ne4 {is a better chance.} Re3 25. Rhe1 Rxe1 26. Rxe1) 24... Rfxc8 25. Rd2 Rxb3 26. d5 Ra3 {[#] White must now prevent ...Ra1+.} 27. e6 (27. Kb2 $142 Rf3 28. Ra1) 27... Ra1+ 28. Kb2 Rxh1 29. e7 Bb5 30. d6 Bd7 31. Rd3 Rxh2 {Black mates.} 32. Rc3 Rxc3 33. Kxc3 Rh3+ 34. Kd4 Rh4+ {Accuracy: White = 14%, Black = 74%.} 0-1

[Event "Stay Safe Play From Home 149"]
[Site "T#646041Emanuel Laske"]
[Date "2020.05.14"]
[Round "6"]
[White "Lamborghini"]
[Black "Mepe_Nika"]
[Result "1-0"]
[WhiteElo "2332"]
[BlackElo "2270"]
[Annotator "TA"]
[PlyCount "127"]
[EventDate "2020.05.14"]
[EventType "swiss (blitz)"]

{[%evp 9,127,7,11,-14,14,1,8,0,0,6,47,44,43,37,44,45,45,45,45,46,40,37,54,16,56,58,56,51,58,60,128,127,193,129,131,138,173,169,173,173,173,173,173,173,191,173,173,166,148,77,54,31,996,996,1588,0,-3,-34,0,0,0,0,0,0,16,0,27,15,29984,0,0,0,393,356,322,105,125,116,452,447,444,363,660,645,560,650,642,599,790,576,592,510,1099,929,1063,1092,747,-295,-1,-8,2783,-588,5206,5089,29979,29980,29983,29984,29984,29983,29987,29988,29990,29991,29994,29994,29995,29996,29996,29996]} 1. e4 e5 2. Nf3 Nc6 3. Bc4 Nf6 4. d3 Bc5 5. Be3 Bb6 6. a4 {[#] C50: Hungarian Defence and Giuoco Pianissimo.} O-O $146 ({Predecessor:} 6... d6 7. O-O Bg4 8. h3 Be6 9. Na3 O-O 10. Bxe6 fxe6 11. Nc4 Qe8 12. Bd2 Bc5 13. Be3 Bxe3 14. fxe3 Qh5 15. Ncd2 Nd7 16. Nh2 Qxd1 17. Raxd1 Nc5 18. b3 Nb4 19. Rc1 Na2 20. Ra1 {½-½ (20) Pytlakowski,A-Balanel,I Miedzyzdroje 1952}) 7. Nc3 d6 8. Bg5 {The position is equal.} Ba5 9. O-O {Threatening Nd5.} h6 (9... Bxc3 $5 10. bxc3 h6 $11) 10. Bxf6 Qxf6 11. Nd5 Qd8 $1 12. c3 {Strongly threatening b4.} a6 13. b4 Bb6 $1 14. Nxb6 cxb6 15. Nd2 $36 {[%mdl 2048] White has some pressure.} Ne7 16. f4 Be6 17. f5 Bxc4 18. Nxc4 {f6 is the strong threat.} f6 19. Ne3 d5 ({Black should play} 19... Kh7 $14) 20. Qb3 Rc8 (20... Qc7 $16 21. exd5 (21. Nxd5 Nxd5 22. exd5 Rac8 $16) 21... Nc8) 21. Nxd5 (21. exd5 $18 Kh7 22. c4) 21... Nxd5 $16 22. exd5 Qd7 23. c4 Rfe8 24. Rae1 {[%cal Ba1e1,Be1e4,Be4g4][%mdl 32]} Qd6 25. h3 Rc7 26. Re4 Rec8 27. Rf3 Rd7 28. Rg4 b5 29. axb5 (29. a5 $142) 29... axb5 30. Rfg3 {Black must now prevent c5.} Rcc7 $2 {[%mdl 8192]} (30... b6 $14) 31. c5 $18 Qxd5 {[#]} 32. Qxd5+ $2 (32. Rxg7+ $1 $18 {[%mdl 512]} Rxg7 33. Qxd5+ Kh7 34. Rxg7+ Kxg7 35. Qe6) 32... Rxd5 $11 33. d4 (33. Kf1 {keeps more tension.} h5 34. Re4 Rcd7 35. Ke2 Rd8 36. Rge3) 33... Rxd4 (33... exd4 {with more complications.} 34. Rd3 Rxf5 35. Rgxd4 Re7 36. Ra3 Re2) 34. Rxd4 exd4 $15 {[%mdl 4096] Endgame KR-KR} 35. Rd3 Rd7 36. Kf2 Rd5 37. Kf3 Kf7 38. Ke4 g6 $2 {[%mdl 8192]} (38... Re5+ $11 39. Kf4 Rd5) 39. Rxd4 $2 (39. Kxd5 {mates} gxf5 40. Rxd4 Ke7 41. c6 bxc6+ 42. Kxc6 f4 43. Kxb5 h5 44. Kc5) 39... Re5+ $1 $11 40. Kd3 Rxf5 $2 {[%mdl 8192]} (40... gxf5 $11 {and Black is okay.} 41. Rd6 Re4) 41. Rd7+ $18 {[%mdl 64] Double Attack} Ke6 42. Rd6+ $2 (42. Rxb7 $18 {and the rest is easy.} Rg5 43. Rxb5) 42... Ke7 43. Rb6 Rg5 $2 {[%mdl 8192]} (43... Rd5+ $16 {is a better chance.} 44. Ke4 Rd7) 44. Rxb7+ Ke6 45. Rxb5 Rg3+ $2 (45... Kd5 46. g4 f5) 46. Kc4 Rxg2 47. Rb6+ Ke5 48. Kb5 Rc2 49. Rb7 f5 50. Re7+ Kf6 (50... Kd4 $142 51. c6 f4) 51. Re1 f4 52. Rf1 g5 53. h4 $4 {[%mdl 8192] [#]} (53. Kc6 $18) 53... Ke5 $2 ({Better is} 53... Kf5 $1 $19 {Hoping for ...g4.} 54. hxg5 hxg5) 54. hxg5 $11 Kf5 $2 {[%mdl 8192]} (54... hxg5 $11 55. Kc6 g4) 55. Rg1 $4 {[%mdl 8192]} (55. gxh6 $18 Kg6 56. Rxf4) 55... Kg6 $4 {[%mdl 8192]} (55... hxg5 $19 56. Rb1 f3) 56. gxh6+ $18 Kh7 57. Rf1 {White mates.} Rb2 58. Rxf4 Kxh6 59. Rc4 Kh5 60. c6 Kg6 61. c7 Rxb4+ 62. Kxb4 Kf5 63. c8=Q+ Ke5 64. Qc5+ {Accuracy: White = 66%, Black = 39%.} 1-0

[Event "Stay Safe Play From Home 149"]
[Site "T#646041Emanuel Laske"]
[Date "2020.05.14"]
[Round "6"]
[White "Shatarchin7"]
[Black "SoulofWolf"]
[Result "1-0"]
[WhiteElo "2296"]
[BlackElo "2106"]
[Annotator "TA"]
[PlyCount "61"]
[EventDate "2020.05.14"]
[EventType "swiss (blitz)"]

{[%evp 9,61,-7,24,23,22,19,53,12,44,27,30,25,73,24,28,25,18,0,5,2,20,-20,0,-15,20,34,95,-96,157,-20,-28,-137,-33,-54,0,0,0,0,0,0,244,229,495,442,470,196,714,709,705,705,640,195,29996,29997]} 1. Nf3 e6 2. e3 d5 3. d4 Nd7 4. Bd3 Bd6 5. b3 Ne7 6. Bb2 {[#] D02: 1 d4 d5 2 Nf3 sidelines, including 2...Nf6 3 g3 and 2...Nf6 3 Bf4.} O-O $146 ({Predecessor:} 6... Ng6 7. Nbd2 f5 8. Qe2 Qf6 9. h3 e5 10. dxe5 Ndxe5 11. O-O-O Be6 12. Kb1 Qe7 {1-0 (40) Vidonyak,N (2232)-Von Wantoch Rekowski,D (2143) Germany 2004}) 7. O-O c6 8. Ne5 {White is slightly better.} Qc7 {[%cal Rd7e5]} 9. f4 ({But not} 9. Qh5 g6 $17) 9... f6 10. Nf3 a5 11. a4 b6 12. Nbd2 Ba6 13. Qe2 Bxd3 14. cxd3 c5 15. dxc5 Nxc5 16. Rac1 {d4 is the strong threat.} Qb8 17. Nd4 Re8 (17... Qd8 $14) 18. Ba3 $2 {[#]} (18. Nb5 $16 {stays on course.}) 18... e5 $2 {[%mdl 8192]} (18... Nxd3 $1 $17 {[%mdl 512]} 19. Qxd3 Bxa3) 19. Bxc5 $2 (19. Nb5 $1 $16) 19... Bxc5 $11 20. Nb5 (20. fxe5 $11 {remains equal.} Qxe5 21. N2f3) 20... exf4 (20... Nf5 $17 {aiming for ...exf4.} 21. Rxc5 bxc5) 21. d4 $15 fxe3 (21... Bd6 $1 $15) 22. dxc5 $11 exd2 23. Qxd2 {And now c6 would win.} bxc5 24. Rxc5 Qe5 $2 (24... Rc8 $11 {and Black is okay.} 25. Rxc8+ Qxc8) 25. Re1 $18 Qf5 $2 (25... Qb8 26. Rcc1 Kf8) 26. h3 Rad8 27. Rc7 (27. Nc7 $142 Qd7 28. Nxe8 Qxe8 {[#]} 29. Rxd5 $1 {[%mdl 512]} Rxd5 30. Qxd5+ $1 {[%mdl 512]} Nxd5 31. Rxe8+ Kf7 32. Ra8) 27... Ng6 $2 (27... Nc8) 28. Rxe8+ {[%mdl 64] Overworked Piece} Rxe8 29. Nd6 {[%mdl 64] Double Attack} Qb1+ 30. Kh2 $2 (30. Rc1 Qxb3 31. Nxe8) 30... Re1 $2 (30... Qe1 $18 31. Qxd5+ Qe6 32. Qxe6+ Rxe6) 31. Qxd5+ {Accuracy: White = 46%, Black = 31%.} 1-0

[Event "Stay Safe Play From Home 149"]
[Site "T#646041Emanuel Laske"]
[Date "2020.05.14"]
[Round "6"]
[White "Weltszmerc"]
[Black "Popovic Milan"]
[Result "1-0"]
[WhiteElo "2135"]
[BlackElo "2683"]
[Annotator "TA"]
[PlyCount "67"]
[EventDate "2020.05.14"]
[EventType "swiss (blitz)"]

{[%evp 12,66,29,41,40,33,27,8,19,8,67,82,91,91,106,104,99,98,161,145,162,22,66,64,84,20,24,0,0,0,2,0,37,0,0,0,70,0,296,289,304,288,525,535,575,578,552,560,868,860,860,846,810,795,29998,29999,29999]} 1. d4 Nf6 2. c4 g6 3. Nc3 Bg7 4. e4 O-O 5. f3 d6 6. Nge2 a6 7. Be3 Nbd7 {E81: King's Indian: Sämisch: 6th move deviations (including 6 Be3 c6).} 8. Qd2 b5 {is currently scoring better than 8...c5.} 9. g4 {[#]} bxc4 $146 {The position is equal.} ({Predecessor:} 9... b4 10. Nd5 Nxd5 11. cxd5 e6 12. dxe6 fxe6 13. Nf4 Qe7 14. O-O-O a5 15. Kb1 a4 {½-½ (36) Sabaev,S (2403)-Nekhaev,A (2514) ICCF email 2016}) 10. Ng3 e5 ({Black should try} 10... c5 $11) 11. d5 $14 Nc5 12. Bxc4 Nfd7 13. h4 a5 14. h5 Nb6 (14... Ba6 $16 {is a better defense.} 15. Bxa6 Rxa6) 15. Be2 Bd7 16. Bh6 (16. Kf2 $18) 16... Qe7 17. Bxg7 Kxg7 18. hxg6 (18. b3 $16) 18... fxg6 $11 19. Qh6+ ({But not} 19. b4 $2 axb4 20. Nd1 Nb3 $1 $19 {[%mdl 512]}) 19... Kg8 20. O-O-O Rf4 21. Rh2 Qg7 22. Qh3 Raf8 23. Rdh1 {[%cal Rh3h7]} R8f7 ({Better is} 23... Rxf3 $11 24. Bxf3 Rxf3) 24. Rg2 (24. Qh4 $14) 24... Nca4 $2 {[%mdl 8192]} (24... Qf8 $11) 25. Nxa4 $18 Nxa4 {[#]} 26. Nf5 $1 {[%cal Rf5g7][%mdl 512]} Qf6 $2 (26... Qf8 27. Nh6+ Kh8) (26... Bxf5 27. gxf5) 27. Nh6+ {[%mdl 64] Double Attack} Kh8 28. Nxf7+ {[%mdl 64] Discovered Attack} Qxf7 29. Rgh2 {[%cal Rh3h7]} Kg8 30. Qxh7+ Qxh7 31. Rxh7 Nc5 32. g5 {Rh8+ would kill now.} Rf7 33. Rh8+ Kg7 34. R1h7# {Accuracy: White = 78%, Black = 46%.} 1-0